000 00370 a2200133 4500
005 20250630072731.0
020 _a0-618-15043-9
082 _a658.8 SIE
100 _aSIEGEL, C.
245 _aInternet Marketing: Foundation And Application,
260 _aNew York,
_bHoughton Mifflin Company,
_c2004.
300 _axvi; 404p: ill,; Figure,
_bIndex,
_c25cm.
942 _2ddc
_cBKS
999 _c6458
_d6458